The Visitor's History of Britain / (Record no. 616965)

000 -LEADER
fixed length control field 00408nam a22001457a 4500
020 ## - INTERNATIONAL STANDARD BOOK NUMBER
Qualifying information HB.
040 ## - CATALOGING SOURCE
Transcribing agency FIZZA ISHAQ
082 ## - DEWEY DECIMAL CLASSIFICATION NUMBER
Classification number 942
Author Mark HAM
100 ## - MAIN ENTRY--PERSONAL NAME
Personal name Hamilton , Ronald.
9 (RLIN) 134038
245 ## - TITLE STATEMENT
Title The Visitor's History of Britain /
Statement of responsibility, etc. Ronald Hamilton.
250 ## - EDITION STATEMENT
Edition statement First Edition.
260 ## - PUBLICATION, DISTRIBUTION, ETC.
Place of publication, distribution, etc. New York:
Name of publisher, distributor, etc. Houghton Mifflin Company ,
Date of publication, distribution, etc. 1964.
300 ## - PHYSICAL DESCRIPTION
Extent 217 p. ;
Dimensions 8 x 5.3 x 0.9 inches,
942 ## - ADDED ENTRY ELEMENTS (KOHA)
Source of classification or shelving scheme
Koha item type Book
Holdings
Withdrawn status Lost status Source of classification or shelving scheme Damaged status Not for loan Permanent Location Current Location Shelving location Date acquired Total Checkouts Full call number Barcode Date last seen Price effective from Koha item type
          NUST Baluchistan Campus (NBC) NUST Baluchistan Campus (NBC) General Stacks 04/10/2026   942 HAM QD-337 04/10/2026 04/10/2026 Book
© 2023 Central Library, National University of Sciences and Technology. All Rights Reserved.